|
|
|
|
| LEADER |
01143nam a2200265 u 4500 |
| 001 |
10118750 |
| 003 |
upatras |
| 005 |
20210117205709.0 |
| 008 |
160114s1998 us eng |
| 020 |
|
|
|a 0810915448
|
| 040 |
|
|
|a ΠΑΝΕΠΙΣΤΗΜΙΟ ΠΑΤΡΑΣ
|c ΠΑΝΕΠΙΣΤΗΜΙΟ ΠΑΤΡΑΣ
|
| 041 |
0 |
|
|a eng
|
| 082 |
0 |
4 |
|a 709.02
|
| 100 |
1 |
|
|a Camille, Michael
|4 aut
|9 148291
|
| 245 |
1 |
0 |
|a The medieval art of love
|b objects and subjects of desire
|c Michael Camille
|
| 260 |
|
|
|a New York
|b Harry N. Abrams
|c 1998
|
| 300 |
|
|
|a 176 σ.
|b φωτ.
|c 28 εκ.
|
| 504 |
|
|
|a Περιλαμβάνει βιβλιογραφικές παραπομπές και ευρετήριο
|
| 650 |
|
4 |
|a Τέχνη, Μεσαιωνική
|9 81386
|
| 650 |
|
4 |
|a Έρωτας στην τέχνη
|9 91653
|
| 852 |
|
|
|a GR-PaULI
|b ΠΑΤΡΑ
|b ΦΙΛΟΣΟΦΙΑ
|k ΑΣΧΞ-4
|h 709.02 CAM
|m 11061
|p 025000170388
|t 1
|
| 942 |
|
|
|2 ddc
|c BK15
|
| 952 |
|
|
|0 0
|1 0
|4 0
|6 709_020000000000000_CAM
|7 0
|9 187761
|a PHIL
|b PHIL
|d 2016-04-24
|i 11061
|l 0
|o 709.02 CAM
|p 025000170388
|r 2016-04-24 00:00:00
|t 1
|w 2016-04-24
|y BK15
|
| 998 |
|
|
|c ΚΑΝΕΛΛΟΠΟΥΛΟΥ
|d 2016-01
|
| 999 |
|
|
|c 115817
|d 115817
|